000 00474nam a22001937a 4500
003 MPLRDC
005 20220104192317.0
008 210129b ||||| |||| 00| 0 eng d
020 _a978-986-120-686-8
082 _a857.7 JPA v.1
100 _a贾平凹
245 _a古炉 (上)
_c
250 _a初版
260 _a台湾
_b麦田出版
_c2011
300 _b
490 _a麦田文学: 243
650 _a中国文学--长篇小说
942 _cBK
_o857.7 JPA v.1
999 _c64656
_d64646